000
00245nam a2200097Ia 4500
008
170619s9999 xx 000 0 und d
100
_a
Thayer/ Yourdon
245
0
_a
Software engineering project management
260
_b
Singapore; Wiley
260
_c
2004
546
_a
ENGLISH
999
_c
17889
_d
17889